000
00255nam a2200097Ia 4500
001
647605
005
20250826153706.0
008
250824s9999 xx 000 0 und d
245
0
_a
BOSTAN ANTİK
_c
SADIK YALSIZUÇANLAR
260
_b
ANTİK DÜNYA KLASİKLERİ
999
_c
647605
_d
647605